| 000 | 01190nam a2200313 i 4500 | ||
|---|---|---|---|
| 003 | EG-GICUC | ||
| 005 | 20260121101338.0 | ||
| 008 | 251124s1994 ua ||||fr|||| 000 0 ara d | ||
| 017 | _a94/8265 | ||
| 020 | _a9770412163 | ||
| 040 |
_a EG-GICUC _bara _c EG-GICUC _d EG-GICUC _erda |
||
| 041 | 0 | _aara | |
| 082 | 0 | 4 |
_221 _a345.6 _bي س . ن |
| 092 | 0 | 4 | _221 |
| 099 | _aLaw1 07 345.3232485745 ي س . ن 1994 | ||
| 100 | 0 |
_a يسرى محمد العصار _eمؤلف. |
|
| 245 | 1 | 2 |
_aالنظام القانوني لمرفق النقل الجوي في القوانين المصري والكويتي والفرنسي في ضوء نظرية المرفق العام الاقتصادي / _cيسرى محمد العصار. |
| 264 | 1 |
_aالقاهرة : _bدار النهضة العربية، _c1994. |
|
| 300 |
_a116 ؛ صفحة _c24 سم. |
||
| 336 |
_2rda content _atext |
||
| 337 |
_2rda media _aComputer |
||
| 338 |
_2rda carrier _aOnline Resource |
||
| 546 | _aالنص باللغة العربية | ||
| 650 | 1 | 4 |
_aالنظام القانوني _2qrmak |
| 651 | 1 | _2qrmak | |
| 856 | 4 | 0 | _uhttps://fll.law.cu.edu.eg/fulltext/bks/B07-00853.pdf |
| 905 | _a78 | ||
| 942 |
_2ddc _cBK _e21 _n0 |
||
| 999 |
_c45689 _d45689 |
||